<?xml version="1.0" encoding="UTF-8"?>
<record
    xmlns:xsi="http://www.w3.org/2001/XMLSchema-instance"
    xsi:schemaLocation="http://www.loc.gov/MARC21/slim http://www.loc.gov/standards/marcxml/schema/MARC21slim.xsd"
    xmlns="http://www.loc.gov/MARC21/slim">

  <leader>00926nam a22003017a 4500</leader>
  <controlfield tag="001">58106</controlfield>
  <controlfield tag="003">DO-SdBNP</controlfield>
  <controlfield tag="005">20180125100529.0</controlfield>
  <controlfield tag="007">58106</controlfield>
  <controlfield tag="008">891110s1987    sp                  spa  </controlfield>
  <datafield tag="016" ind1="7" ind2=" ">
    <subfield code="2">BPMSU</subfield>
  </datafield>
  <datafield tag="020" ind1=" " ind2=" ">
    <subfield code="a">8434586282</subfield>
  </datafield>
  <datafield tag="040" ind1=" " ind2=" ">
    <subfield code="a">BPMSU</subfield>
    <subfield code="b">spa</subfield>
    <subfield code="c">BPMSU</subfield>
  </datafield>
  <datafield tag="041" ind1="1" ind2=" ">
    <subfield code="a">spa</subfield>
  </datafield>
  <datafield tag="100" ind1="1" ind2=" ">
    <subfield code="a">Gripe, Maria</subfield>
    <subfield code="d">1923-2007</subfield>
  </datafield>
  <datafield tag="240" ind1="1" ind2="0">
    <subfield code="a">Elvis, Elvis!</subfield>
    <subfield code="l">Espa&#xF1;ol</subfield>
  </datafield>
  <datafield tag="245" ind1="1" ind2="0">
    <subfield code="a">&#xA1;Elvis, Elvis! /</subfield>
    <subfield code="c">Maria Gripe ; traducci&#xF3;n de Leopoldo Rodr&#xED;guez ; ilustraciones de Harald Gripe</subfield>
  </datafield>
  <datafield tag="260" ind1="1" ind2=" ">
    <subfield code="a">Barcelona : </subfield>
    <subfield code="b">Salvat, </subfield>
    <subfield code="c">1987</subfield>
  </datafield>
  <datafield tag="300" ind1=" " ind2=" ">
    <subfield code="a">173 p. ;</subfield>
    <subfield code="b">il.:</subfield>
    <subfield code="c">22 cm. </subfield>
  </datafield>
  <datafield tag="490" ind1="1" ind2=" ">
    <subfield code="a">Biblioteca juvenil</subfield>
    <subfield code="v">48</subfield>
  </datafield>
  <datafield tag="500" ind1=" " ind2=" ">
    <subfield code="a">Traducci&#xF3;n de: Elvis, Elvis!</subfield>
  </datafield>
  <datafield tag="700" ind1="1" ind2=" ">
    <subfield code="a">Rodr&#xED;guez, Leopoldo</subfield>
    <subfield code="e">traductor</subfield>
  </datafield>
  <datafield tag="700" ind1="1" ind2=" ">
    <subfield code="a">Gripe, Harald</subfield>
    <subfield code="4">ilustraci&#xF3;n </subfield>
  </datafield>
  <datafield tag="830" ind1=" " ind2="0">
    <subfield code="a">Biblioteca juvenil (Salvat Editores)</subfield>
    <subfield code="v">48</subfield>
  </datafield>
  <datafield tag="942" ind1=" " ind2=" ">
    <subfield code="2">ddc</subfield>
    <subfield code="c">BK</subfield>
  </datafield>
  <datafield tag="945" ind1=" " ind2=" ">
    <subfield code="a">inventariado, 2018 / dg</subfield>
  </datafield>
  <datafield tag="952" ind1=" " ind2=" ">
    <subfield code="0">0</subfield>
    <subfield code="1">0</subfield>
    <subfield code="2">ddc</subfield>
    <subfield code="4">0</subfield>
    <subfield code="7">0</subfield>
    <subfield code="8">CG</subfield>
    <subfield code="a">BPMET</subfield>
    <subfield code="b">BPMET</subfield>
    <subfield code="d">2018-01-25</subfield>
    <subfield code="e">Donado</subfield>
    <subfield code="l">0</subfield>
    <subfield code="p">BPMSU18010048</subfield>
    <subfield code="r">2018-01-25</subfield>
    <subfield code="w">2018-01-25</subfield>
    <subfield code="y">BK</subfield>
  </datafield>
  <datafield tag="956" ind1=" " ind2=" ">
    <subfield code="a">VMATEO</subfield>
    <subfield code="2">10</subfield>
    <subfield code="3">20151123</subfield>
    <subfield code="6">BPMSU</subfield>
    <subfield code="8">00151</subfield>
  </datafield>
  <datafield tag="999" ind1=" " ind2=" ">
    <subfield code="c">8860</subfield>
    <subfield code="d">8860</subfield>
  </datafield>
</record>
